Interaction

Bibliographic Details
Format: Electronic Journal
Language:English
Published: Bad Homburg vor der Höhe, Germany : Association for the Quality Development of SF Consulting & Training, 2009-
Subjects:
Online Access:Full text available from Research Library: 05/01/2009 to 11/30/2016

MARC

LEADER 00000nas a2200000 i 4500
001 ssj0001077852
003 WaSeSS
005 20200512172242.0
006 m d
007 cr n
008 131218c20099999gw f| p|s|||||| |0eng d
022 |a 2191-8961  |l 1868-8063 
035 |a (WaSeSS)ssj0001077852 
040 |a WaSeSS  |b eng  |c WaSeSS  |d WaSeSS 
050 1 4 |a HD58.8 
210 1 |a Interaction  |b (Obergriesb., Internet) 
222 0 |a Interaction  |b (Obergriesbach. Internet) 
245 0 0 |a Interaction  |h [electronic resource]. 
260 |a Bad Homburg vor der Höhe, Germany :  |b Association for the Quality Development of SF Consulting & Training,  |c 2009- 
310 |a Semiannual 
362 1 |a Began with Volume 1, Number 1 (May 2009). 
506 |a License restrictions may limit access. 
588 |a Description based on: Volume 1, Number 1 (May 2009); title from article pdf (ProQuest, viewed Dec. 18, 2013). 
588 |a Latest issue consulted: Volume 5, Number 1 (May 2013) (viewed Dec. 18, 2013). 
650 0 |a Organizational change  |v Periodicals. 
655 0 |a Electronic journals. 
776 0 8 |i Print version:  |t Interaction  |x 1868-8063 
856 4 0 |z Full text available from Research Library: 05/01/2009 to 11/30/2016  |u https://search.proquest.com/publication/1036407